000 00406nam a2200157Ia 4500
008 210210b1997 xxu||||| |||| 00| 0 eng d
020 _a0333 92989 6
082 _a658.3 MONM
100 _aMONAPPA (Arun).
245 _aManaging human resources.
260 _aDelhi.
_bMacmillan India Ltd.
_c1997
300 _axi,286
650 _aHuman Resource
690 _aPersonnel Management
906 _a053204
999 _c101641
_d101641